[Event "4NCL Division 1a"]
[Site "Birmingham, ENG ENG"]
[Date "2016.02.14"]
[Round "6.136"]
[White "Getz, Nicolai"]
[Black "Abbas, Daniel"]
[Result "0-1"]
[WhiteElo "2410"]
[BlackElo "2260"]
[PlyCount "106"]
[EventDate "2016.02.14"]
[WhiteTeam "Wood Green HK"]
[BlackTeam "3Cs 1"]

1. e4 c5 2. Nf3 e6 3. d4 cxd4 4. Nxd4 Nc6 5. Nc3 Qc7 6. Be3 a6 7. f4 b5 8. Nxc6
Qxc6 9. Be2 Bb7 10. Bf3 Rc8 11. Qd3 Qc7 12. O-O-O Nf6 13. e5 Bxf3 14. gxf3 b4
15. Ne4 Nd5 16. Bd2 Qc4 17. Qxc4 Rxc4 18. b3 Rc6 19. Kb2 Bc5 20. c4 bxc3+ 21.
Bxc3 Nxf4 22. Nxc5 Rxc5 23. Bb4 Rxe5 24. Bd6 Re2+ 25. Ka3 Ng6 26. Rc1 f6 27.
Rhd1 Kf7 28. Bb4 a5 29. Bxa5 Ra8 30. b4 Ne5 31. Kb3 Ke7 32. a4 Re3+ 33. Rc3
Rxc3+ 34. Kxc3 Nc6 35. Kb3 Nxa5+ 36. bxa5 Rxa5 37. Kb4 Ra7 38. a5 Kd8 39. Kb5
Rb7+ 40. Kc5 Kc7 41. a6 Rb2 42. Ra1 d6+ 43. Kc4 Kb8 44. Re1 e5 45. Rg1 g6 46.
Kd5 Rxh2 47. Rc1 Rd2+ 48. Ke6 f5 49. Rh1 e4 50. fxe4 fxe4 51. Rxh7 e3 52. Kd7
e2 53. Re7 Ka7 0-1

[Event "4NCL Division 1a"]
[Site "Birmingham, ENG ENG"]
[Date "2016.02.14"]
[Round "6.137"]
[White "Walton, Alan J"]
[Black "Lauridsen, Jesper Morch"]
[Result "1-0"]
[WhiteElo "2216"]
[BlackElo "2323"]
[PlyCount "101"]
[EventDate "2016.02.14"]
[WhiteTeam "3Cs 1"]
[BlackTeam "Wood Green HK"]

1. d4 d5 2. c4 e6 3. Nc3 c5 4. cxd5 cxd4 5. Qxd4 Nc6 6. Qd1 exd5 7. Qxd5 Be6 8.
Qxd8+ Rxd8 9. e3 Nb4 10. Bb5+ Ke7 11. Kf1 a6 12. Be2 Nf6 13. Nf3 Ke8 14. Nd4
Bd7 15. Bf3 Bc5 16. Nb3 Ba7 17. Bd2 Be6 18. Be1 Rd7 19. Ne2 Nc2 20. Rc1 Nxe1
21. Kxe1 Ke7 22. Ned4 Bxd4 23. Nxd4 Re8 24. b3 Bd5 25. Ke2 Bxf3+ 26. Nxf3 Ne4
27. Rc4 Nd6 28. Rc2 Nb5 29. a4 Nc7 30. Ne5 Rd5 31. Rxc7+ Kd6 32. Rxf7 Kxe5 33.
Rxg7 Kf6 34. Rxb7 Rc8 35. e4 Rc2+ 36. Ke3 Rdd2 37. Rf1 Re2+ 38. Kf3 h5 39. g3
h4 40. Rb6+ Ke5 41. Rxa6 h3 42. Ra5+ Ke6 43. Rb5 Red2 44. Kg4 Rd4 45. Kxh3 Rxe4
46. f4 Kf6 47. Rd1 Ree2 48. Rd6+ Ke7 49. Ra6 Rxh2+ 50. Kg4 Rc7 51. Rh5 1-0

[Event "4NCL Division 1a"]
[Site "Birmingham, ENG ENG"]
[Date "2016.02.14"]
[Round "6.138"]
[White "Hegarty, Sarah N"]
[Black "Horton, Jamie A"]
[Result "1/2-1/2"]
[WhiteElo "2106"]
[BlackElo "2110"]
[PlyCount "56"]
[EventDate "2016.02.14"]
[WhiteTeam "Wood Green HK"]
[BlackTeam "3Cs 1"]

1. e4 c5 2. Nf3 g6 3. c3 Bg7 4. d4 cxd4 5. cxd4 d5 6. e5 f6 7. Bb5+ Nc6 8. O-O
Nh6 9. exf6 exf6 10. Re1+ Kf7 11. Nc3 Nf5 12. Ba4 Nfe7 13. Be3 Rf8 14. a3 Kg8
15. b4 a6 16. Bb3 b5 17. Ne4 Be6 18. Nc5 Bf7 19. Qd2 a5 20. Bf4 axb4 21. axb4
Rxa1 22. Rxa1 Re8 23. Ra6 Bf8 24. h3 Bg7 25. Ne1 g5 26. Bh2 Qc8 27. Bd1 Nf5 28.
Nc2 Nfxd4 1/2-1/2

[Event "4NCL Division 1a"]
[Site "Birmingham, ENG ENG"]
[Date "2016.02.14"]
[Round "6.141"]
[White "Brown, Martin"]
[Black "Ivell, Nicholas W"]
[Result "1-0"]
[WhiteElo "2229"]
[BlackElo "2258"]
[PlyCount "75"]
[EventDate "2016.02.14"]
[WhiteTeam "White Rose 2"]
[BlackTeam "Spirit of Atticus A"]

1. e4 c5 2. Nf3 e6 3. d4 cxd4 4. Nxd4 Nf6 5. Nc3 d6 6. Be2 Be7 7. O-O O-O 8. f4
Nc6 9. Be3 Bd7 10. Nb3 Qc7 11. g4 Bc8 12. g5 Nd7 13. Nb5 Qb8 14. c4 a6 15. Nc3
Re8 16. Rc1 Bf8 17. Rf2 g6 18. h4 b6 19. Qf1 Ra7 20. Bf3 Nd8 21. Rd2 f5 22.
exf5 gxf5 23. Nd4 Bb7 24. Re1 Bxf3 25. Qxf3 Rc7 26. Bf2 Rxc4 27. Nxf5 Nf7 28.
Ne3 Rcc8 29. Ng4 d5 30. Rde2 Bc5 31. Rxe6 Bxf2+ 32. Qxf2 Rxe6 33. Rxe6 Rc4 34.
Nxd5 Kg7 35. b3 Rc1+ 36. Kh2 Nc5 37. Rxb6 Qc8 38. Qb2+ 1-0

[Event "4NCL Division 1a"]
[Site "Birmingham, ENG ENG"]
[Date "2016.02.14"]
[Round "6.142"]
[White "Carleton, John J"]
[Black "Burnett, Jim"]
[Result "1/2-1/2"]
[WhiteElo "2285"]
[BlackElo "2177"]
[PlyCount "142"]
[EventDate "2016.02.14"]
[WhiteTeam "Spirit of Atticus A"]
[BlackTeam "White Rose 2"]

1. d4 d5 2. c4 e6 3. Nf3 c6 4. g3 Nf6 5. Bg2 Be7 6. O-O O-O 7. Nbd2 Nbd7 8. Qc2
b6 9. e4 Bb7 10. e5 Ne8 11. Re1 Rc8 12. cxd5 cxd5 13. Qa4 Bc6 14. Qd1 Bb5 15.
Nf1 a5 16. Ne3 Nc7 17. h4 Re8 18. Ng5 h6 19. Nh3 Bb4 20. Bd2 Bxd2 21. Qxd2 Qe7
22. Nf4 Nb8 23. Nh5 Red8 24. Ng4 Qf8 25. Re3 Nc6 26. Rf3 Ne7 27. Nxg7 Qxg7 28.
Nxh6+ Kf8 29. Nxf7 Qxf7 30. Qh6+ Ke8 31. Rxf7 Kxf7 32. Bh3 Ke8 33. Bxe6 Nxe6
34. Qxe6 Rc6 35. Qg4 Bd3 36. e6 Rdd6 37. Re1 Kd8 38. Qf3 Bf5 39. g4 Rxe6 40.
Rxe6 Bxe6 41. h5 Kd7 42. h6 Bg8 43. Qf4 Re6 44. f3 Bh7 45. Kf2 Bd3 46. Qf8 Re2+
47. Kg3 Re3 48. Qg7 Be4 49. h7 Rxf3+ 50. Kh4 Bxh7 51. Qxh7 Rf2 52. Qb1 Rd2 53.
g5 Rxd4+ 54. Kh5 Re4 55. g6 Re5+ 56. Kh6 Re6 57. Kh7 Rxg6 58. Qd3 Rd6 59. Kg7
d4 60. Kf7 Nc6 61. Qh3+ Kc7 62. Ke8 Rd8+ 63. Kf7 d3 64. Qh2+ Kb7 65. Qd2 Rd6
66. b3 b5 67. a3 b4 68. a4 Kb6 69. Ke8 Rd4 70. Kf8 Kc5 71. Kg7 Rd6 1/2-1/2

[Event "4NCL Division 1a"]
[Site "Birmingham, ENG ENG"]
[Date "2016.02.14"]
[Round "6.143"]
[White "Gayson, Peter M"]
[Black "Lund, D Brett"]
[Result "0-1"]
[WhiteElo "2143"]
[BlackElo "2286"]
[PlyCount "60"]
[EventDate "2016.02.14"]
[WhiteTeam "White Rose 2"]
[BlackTeam "Spirit of Atticus A"]

1. e4 c5 2. Nf3 e6 3. d4 cxd4 4. Nxd4 a6 5. Nc3 Qc7 6. Bd3 Nf6 7. O-O Nc6 8.
Nb3 d6 9. f4 Be7 10. a4 b6 11. Kh1 Bb7 12. Be3 Nd7 13. Qg4 g6 14. Qh3 Nb4 15.
a5 b5 16. f5 gxf5 17. exf5 e5 18. f6 Nxf6 19. Rf2 Nxd3 20. cxd3 Qc8 21. Qxc8+
Rxc8 22. h3 Rg8 23. Kh2 Nd5 24. Bd2 Nb4 25. Nc1 Bh4 26. Re2 Nc2 27. Bg5 Bxg5
28. Rxc2 b4 29. Nb5 Bf4+ 30. Kh1 Rxc2 0-1

[Event "4NCL Division 1a"]
[Site "Birmingham, ENG ENG"]
[Date "2016.02.14"]
[Round "6.144"]
[White "Quillan, Gary"]
[Black "Sucikova, Svetlana"]
[Result "1-0"]
[WhiteElo "2320"]
[BlackElo "2207"]
[PlyCount "65"]
[EventDate "2016.02.14"]
[WhiteTeam "Spirit of Atticus A"]
[BlackTeam "White Rose 2"]

1. e4 c6 2. d4 d5 3. exd5 cxd5 4. c4 Nf6 5. Nc3 e6 6. Nf3 Be7 7. cxd5 Nxd5 8.
Bd3 O-O 9. O-O Nc6 10. Re1 Bf6 11. Be4 Nde7 12. Be3 Qa5 13. Qc2 h6 14. a3 Rd8
15. b4 Qh5 16. Rad1 Nd5 17. Bc1 Nxc3 18. Qxc3 Ne7 19. Bb1 Bd7 20. Qc2 g6 21.
Ne5 Be8 22. Rd3 Rac8 23. Qd2 Qh4 24. Bb2 Bxe5 25. Rxe5 Nc6 26. Re1 Qg5 27. f4
Qd5 28. f5 Qxf5 29. Qxh6 Qh5 30. Qd2 Ne7 31. Rh3 Qd5 32. Qh6 f5 33. Qh8+ 1-0

[Event "4NCL Division 1a"]
[Site "Birmingham, ENG ENG"]
[Date "2016.02.14"]
[Round "6.145"]
[White "Arnott, Jonathan W"]
[Black "House, Glenn L"]
[Result "0-1"]
[WhiteElo "2166"]
[BlackElo "2215"]
[PlyCount "70"]
[EventDate "2016.02.14"]
[WhiteTeam "White Rose 2"]
[BlackTeam "Spirit of Atticus A"]

1. e4 c5 2. c3 e6 3. d4 d5 4. exd5 exd5 5. Be3 c4 6. b3 cxb3 7. axb3 Nc6 8. Nf3
Bd6 9. Bb5 Nge7 10. O-O O-O 11. c4 Bg4 12. h3 Bh5 13. Nc3 Bc7 14. g4 Bg6 15.
Nh4 Nb4 16. Nxg6 hxg6 17. c5 a6 18. Be2 Qd7 19. Qd2 Nec6 20. Na2 Nxa2 21. Rxa2
Rae8 22. f4 Re7 23. Bd3 Rfe8 24. Bf2 Bb8 25. Bb1 Qc7 26. Bg3 Re3 27. Bh2 Rxh3
28. Qg2 Rhe3 29. Qxd5 Nb4 30. Qg5 Nxa2 31. Bxa2 Re2 32. Bb1 Qc6 33. Rf2 Re1+
34. Rf1 Rxf1+ 35. Kxf1 Qf3+ 0-1

[Event "4NCL Division 1a"]
[Site "Birmingham, ENG ENG"]
[Date "2016.02.14"]
[Round "6.146"]
[White "Mitchell, Martin"]
[Black "Shaw, Peter"]
[Result "1-0"]
[WhiteElo "2175"]
[BlackElo "2121"]
[PlyCount "63"]
[EventDate "2016.02.14"]
[WhiteTeam "Spirit of Atticus A"]
[BlackTeam "White Rose 2"]

1. d4 f5 2. g3 Nf6 3. Bg2 e6 4. Nf3 d5 5. O-O Bd6 6. c4 c6 7. b3 Qe7 8. Ne5 O-O
9. Bf4 b6 10. Nd2 Bb7 11. Nd3 Nbd7 12. Rc1 Rac8 13. Bxd6 Qxd6 14. c5 bxc5 15.
Nxc5 Nxc5 16. Rxc5 Nd7 17. Ra5 c5 18. dxc5 Nxc5 19. b4 Ne4 20. Nxe4 fxe4 21.
Bxe4 Qxb4 22. Ra4 Qb6 23. Bd3 e5 24. Qb1 e4 25. Rb4 Qc6 26. Bxe4 dxe4 27. Rxb7
a5 28. Qb2 Rf6 29. Rd1 Qc5 30. e3 Qc2 31. Rd8+ Rf8 32. Qxg7# 1-0

[Event "4NCL Division 1a"]
[Site "Birmingham, ENG ENG"]
[Date "2016.02.14"]
[Round "6.147"]
[White "Li, Harry"]
[Black "Jackson, Sheila"]
[Result "1/2-1/2"]
[WhiteElo "2147"]
[BlackElo "2144"]
[PlyCount "35"]
[EventDate "2016.02.14"]
[WhiteTeam "White Rose 2"]
[BlackTeam "Spirit of Atticus A"]

1. d4 Nf6 2. c4 e6 3. Nc3 Bb4 4. e3 O-O 5. Bd3 c5 6. Nf3 d5 7. O-O Nc6 8. a3
Bxc3 9. bxc3 dxc4 10. Bxc4 Qa5 11. Bb2 b6 12. Qc2 Ba6 13. Bxa6 Qxa6 14. Rfd1
Rac8 15. dxc5 Na5 16. cxb6 axb6 17. c4 Qxc4 18. Qxc4 1/2-1/2

[Event "4NCL Division 1a"]
[Site "Birmingham, ENG ENG"]
[Date "2016.02.14"]
[Round "6.148"]
[White "Robertson, David J"]
[Black "O'driscoll, Kieran"]
[Result "0-1"]
[WhiteElo "2102"]
[BlackElo "2079"]
[PlyCount "104"]
[EventDate "2016.02.14"]
[WhiteTeam "Spirit of Atticus A"]
[BlackTeam "White Rose 2"]

1. e4 d5 2. exd5 Nf6 3. d4 Bg4 4. Qd3 Qxd5 5. Nc3 Qd7 6. Be3 Nc6 7. Qd2 e6 8.
h3 Bh5 9. g4 Bg6 10. a3 Be7 11. Bg2 O-O-O 12. Nge2 Kb8 13. O-O h5 14. g5 Nd5
15. Nxd5 exd5 16. Bf4 f6 17. Rac1 Be4 18. f3 Bf5 19. Kh2 h4 20. c4 fxg5 21.
cxd5 Qxd5 22. Bxg5 Bxg5 23. Qxg5 Bd3 24. Qxd5 Rxd5 25. Nf4 Bxf1 26. Nxd5 Bxg2
27. Kxg2 Nxd4 28. Rc4 Nf5 29. Re4 Ng3 30. Re7 c6 31. Nc3 Nf5 32. Rf7 g6 33. f4
Rd8 34. Ne4 b6 35. Rf6 Rd4 36. Kf3 Rd3+ 37. Kg2 Re3 38. Ng5 Re2+ 39. Kg1 Rxb2
40. Rxc6 Rb3 41. Rxg6 Rxa3 42. Rf6 Nd4 43. Kf2 b5 44. Rd6 Ra2+ 45. Kf1 Nf5 46.
Rf6 Ne3+ 47. Ke1 b4 48. Ne4 b3 49. f5 b2 50. Nd2 Nc4 51. Rf8+ Kb7 52. Rf7+ Kc6
0-1